| 000 | 00954 a2200169 4500 | ||
|---|---|---|---|
| 003 | Nust | ||
| 005 | 20170207154212.0 | ||
| 040 | _cNust | ||
| 082 | _a621.381537 | ||
| 100 | _aGivone, Donald D. | ||
| 245 |
_aIntroduction to switching circuit theory _cDonald D. Givone |
||
| 260 |
_aNew York _bMcGraw Hill _c1970 |
||
| 300 | _a494 p. | ||
| 505 | _aIntroduction (Page-1) Boolean Algebra A Mathematical System (Page-7) Combinational Switching Circuits (Page63 Minimization of Switching Functions (Page-99) Multiple Output Switching Circuits (Page-174) Nand and Nor Switching Circuits (Page-198) Iterative Networks (Page-221) Characterization of Sequential Switching Circuits (Page-271) Analysis of Sequential Switching Circuits (Page-291) Synthesis of Sequential Switching Circuits (Page-327) Flow Table Reduction (Page-402) Transients and Hazards in Switching Circuits (Page-442) | ||
| 538 | _aAlmirah No.130 Shelf No.3 | ||
| 650 | _aSwitching circuit theory | ||
| 942 |
_2ddc _cBK |
||
| 999 |
_c194952 _d194952 |
||